Normal view
MARC view
- Inglis, Andrew F
Entry Personal Name
001 - CONTROL NUMBER
- control field: 96470
003 - CONTROL NUMBER IDENTIFIER
- control field: NUST
005 - DATE AND TIME OF LATEST TRANSACTION
- control field: 20220803161059.0
008 - FIXED-LENGTH DATA ELEMENTS
- fixed length control field: 220803|| aca||aabn | a|a d
040 ## - CATALOGING SOURCE
- Original cataloging agency: NUST
- Transcribing agency: NUST
100 ## - HEADING--PERSONAL NAME
- Personal name: Inglis, Andrew F
670 ## - SOURCE DATA FOUND
- Source citation: Work cat.: (NUST)175632: Inglis, Andrew F., Satellite technology :, c1997.
